15 Największych miast w Indonezji na mapie - Statystyki

Ogólne statystyki
  • Ten quiz został rozwiązany 25 razy
  • Średni wynik to 5 z 15
Odpowiedzi na mapie
Odpowiedzi zakodowano w zielono-czerwonej skali na mapie do tego quizu, zgodnie z poniższymi procentami.
 
Statystyki odpowiedzi
Populacja Miasto % Poprawnych
9,6 mln Dżakarta
100%
2,8 mln Surabaja
100%
2,4 mln Bandung
83%
2,1 mln Medan
67%
1,3 mln Makasar
50%
2,3 mln Bekasi
33%
870k Bandar Lampung
17%
1 mln Bogor
17%
890k Pekanbaru
17%
1,5 mln Semarang
17%
1,8 mln Tangerang
17%
1,3 mln Tangerang Południowy
17%
900k Batam
0%
1,7 mln Depok
0%
1,4 mln Palembang
0%
Nie znaleziono quizów pasujących do podanych kryteriów
Rozkład punktacji
Procent ludzi z każdym wynikiem
Percentyl według liczby udzielonych odpowiedzi
Twoja historia wyników
Nie rozwiązałeś tego quizu